| Tag |
First Indicator |
Second Indicator |
Subfields |
| LEADER |
00000cam a2200000 a 4500 |
| 001 |
in00002782607 |
| 005 |
20151202171806.0 |
| 008 |
120105s2012 nyua b 001 0 eng |
| 010 |
|
|
|a 2011053234
|
| 016 |
7 |
|
|a 016068713
|2 Uk
|
| 020 |
|
|
|a 9781619428270 (hbk.)
|
| 020 |
|
|
|a 161942827X (hbk.)
|
| 029 |
1 |
|
|a AU@
|b 000048418789
|
| 035 |
|
|
|a (OCoLC)ocn772450054
|
| 035 |
|
|
|a (OCoLC)772450054
|
| 040 |
|
|
|a DLC
|b eng
|c DLC
|d BTCTA
|d OCLCO
|d YDXCP
|d UKMGB
|d BWX
|d CDX
|d UtOrBLW
|
| 042 |
|
|
|a pcc
|
| 049 |
|
|
|a TXAM
|
| 050 |
0 |
0 |
|a BF575.F14
|b .P79 2012
|
| 082 |
0 |
0 |
|a 150
|2 23
|
| 245 |
0 |
0 |
|a Psychology of performance and defeat /
|c editors, Anali L. Magnusson and Davin J. Lindberg.
|
| 264 |
|
1 |
|a Hauppauge, N.Y. :
|b Nova Science Publishers,
|c [2012]
|
| 264 |
|
4 |
|c ©2012
|
| 300 |
|
|
|a x, 176 pages :
|b illustrations ;
|c 26 cm.
|
| 336 |
|
|
|a text
|b txt
|2 rdacontent
|
| 337 |
|
|
|a unmediated
|b n
|2 rdamedia
|
| 338 |
|
|
|a volume
|b nc
|2 rdacarrier
|
| 500 |
|
|
|a Includes bibliographical references and index.
|
| 505 |
0 |
|
|a An anatomy of the self-defeating dynamics of aesthetic and existential self-determination : aesthetic power-play as psychic compensation for social marginalization -- The prospect of defeat and insurgent behavior -- Implications of dual-process theories for optimizing motor learning and performance -- The efects of emotions on creative performance : a review -- Do avoidance goals always impair performance? how neuroticism moderates the short-and long-term effects of avoidance versus approach goals on performance? -- Reinforcement of older volunteers' performance in Hong Kong -- The role of cues and stimulus valency in implicit task sequence learning- a task sequence is not enough.
|
| 650 |
|
0 |
|a Failure (Psychology)
|
| 650 |
|
0 |
|a Performance
|x Psychological aspects.
|
| 700 |
1 |
|
|a Magnusson, Anali L.
|
| 700 |
1 |
|
|a Lindberg, Davin J.
|
| 938 |
|
|
|a Baker and Taylor
|b BTCP
|n BK0010766853
|
| 938 |
|
|
|a YBP Library Services
|b YANK
|n 7355269
|
| 938 |
|
|
|a Blackwell Book Service
|b BBUS
|n 7355269
|
| 938 |
|
|
|a Coutts Information Services
|b COUT
|n 20565811
|c 140.00 USD
|
| 947 |
|
|
|a A14835938382
|
| 945 |
|
|
|a PromptCat
|b 125042
|
| 946 |
|
|
|a stk
|
| 994 |
|
|
|a 92
|b TXA
|
| 948 |
|
|
|a Cataloged
|b h
|c 2012/12/13
|d c
|e EGrant
|
| 999 |
|
|
|a MARS
|
| 999 |
f |
f |
|s 9cffd926-ac2c-3cfc-b165-b4a99cc610e5
|i 18fbe6c8-1526-3e29-abd4-88c441b52a7b
|t 0
|
| 952 |
f |
f |
|p ric
|a Texas A&M University
|b Rellis Campus
|c Joint Library Facility
|d Remote Storage
|t 0
|e BF575.F14 .P79 2012
|h Library of Congress classification
|i unmediated -- volume
|m A14835938382
|
| 998 |
f |
f |
|a BF575.F14 .P79 2012
|t 0
|l Remote Storage
|